000 00950nam a2200241 a 4500
001 43324
003 BD-RjUL
005 20211209053701.0
008 160621m1968 mdua 000 0 eng
035 _a(BD-RjUL)43442
040 _aDLC
_cDLC
_dDLC
_dBD-RjUL
_beng
041 _aeng
082 0 0 _a333.91009549
_223
_bWAT 1969
110 2 _aWorld Bank.
_9116756
245 1 0 _aWater and power resources of West Pakistan :
_ba study in sector planning /
_cPrepared by a World Bank study group headed by Pieter Lieftinck, A. Robert Sadove [and] Thomas C. Creyke.
260 _aBaltimore,
_bPublished for the World Bank as administrator of the Indus Basin Development Fund by the Johns Hopkins Press
_c1969,
300 _aV..
_bill ;
_c27 cm.
505 _aV-3....
650 0 _aWater resources development
_zPakistan.
_9133079
650 0 _aAgriculture and state
_zPakistan.
_9133080
700 1 _aLieftinck, P.
_q(Pieter),
_d1902-
_9133081
942 _2ddc
_cBK
999 _c43324
_d43324